Welcome to CU Library Online Public Access Catalogue (OPAC)

Biblical hermeneutics : (Record no. 6490)

MARC details
000 -LEADER
fixed length control field 00677cam a2200205 a 4500
001 - CONTROL NUMBER
control field 1145553
005 - DATE AND TIME OF LATEST TRANSACTION
control field 20250614142157.0
008 - FIXED-LENGTH DATA ELEMENTS--GENERAL INFORMATION
fixed length control field 951025s1996 tnua b 001 0 eng
020 ## - INTERNATIONAL STANDARD BOOK NUMBER
International Standard Book Number 080541147X
050 00 - LIBRARY OF CONGRESS CALL NUMBER
Classification number BS476
Item number .B494 1996
082 00 - DEWEY DECIMAL CLASSIFICATION NUMBER
Classification number 220.6/01
Edition information 20
245 00 - TITLE STATEMENT
Title Biblical hermeneutics :
Remainder of title a comprehensive introduction to interpreting Scripture /
Statement of responsibility, etc. [edited by] Bruce Corley, Steve Lemke, Grant Lovejoy.
260 ## - PUBLICATION, DISTRIBUTION, ETC.
Place of publication, distribution, etc. Nashville, Tenn. :
Name of publisher, distributor, etc. Broadman & Holman,
Date of publication, distribution, etc. c1996.
300 ## - PHYSICAL DESCRIPTION
Extent xi, 419 p. :
Other physical details ill. ;
Dimensions 24 cm.
650 #0 - SUBJECT ADDED ENTRY--TOPICAL TERM
Topical term or geographic name entry element Baptists
General subdivision Doctrines.
700 1# - ADDED ENTRY--PERSONAL NAME
Personal name Corley, Bruce.
700 1# - ADDED ENTRY--PERSONAL NAME
Personal name Lemke, Steve,
Dates associated with a name 1951-
700 1# - ADDED ENTRY--PERSONAL NAME
Personal name Lovejoy, Grant,
Dates associated with a name 1958-
942 ## - ADDED ENTRY ELEMENTS (KOHA)
Source of classification or shelving scheme Library of Congress Classification
Koha item type Books
Suppress in OPAC No
999 ## -
-- 6490
-- 6490
Holdings
Withdrawn status Lost status Source of classification or shelving scheme Damaged status Not for loan Collection Home library Current library Shelving location Date acquired Total checkouts Full call number Barcode Date last seen Copy number Price effective from Koha item type
    Library of Congress Classification     Non-fiction Undergraduate Library (Christ Temple) Undergraduate Library (Christ Temple) General stacks 06/14/2025   BS476 BIB ulct00003299 06/14/2025 1 06/14/2025 Books
    Library of Congress Classification     Non-fiction Undergraduate Library (Christ Temple) Undergraduate Library (Christ Temple) General stacks 06/14/2025   BS476 BIB ulct00003300 06/14/2025 2 06/14/2025 Books
© 2023-2024 Copyright: Central University Libraries. All Rights Reserved | Created by: Mahone Tech Office